Goosebumps Titles by Any Word Quiz Stats

 Plays Quiz Updated Oct 9, 2016

Challenge
Share
Tweet
Embed
Score 0/62 Timer 06:00
1 Play Today
# Title % Correct
31Night of the Living Dummy II
95.5%
40Night of the Living Dummy III
95.5%
7Night of the Living Dummy
95.4%
8The Girl Who Cried Monster
94.4%
33The Horror at Camp Jellyjam
93.9%
46How to Kill a Monster
93.7%
10The Ghost Next Door
93.6%
32The Barking Ghost
93.6%
37The Headless Ghost
93.6%
14The Werewolf of Fever Swamp
93.6%
56The Curse of Camp Cold Lake
93.5%
2Stay Out of the Basement
93.4%
36The Haunted Mask II
93.4%
11The Haunted Mask
93.2%
27A Night in Terror Tower
93.2%
23Return of the Mummy
93%
59The Haunted School
92.5%
38The Abominable Snowman of Pasadena
92.5%
30It Came from Beneath the Sink!
92.3%
34Revenge of the Lawn Gnomes
92.3%
20The Scarecrow Walks at Midnight
92.1%
25Attack of the Mutant
92.1%
28The Cuckoo Clock of Doom
92%
5The Curse of the Mummy's Tomb
92%
24Phantom of the Auditorium
91.9%
48Attack of the Jack-O'-Lanterns
91.9%
47Legend of the Lost Legend
91.5%
51Beware, the Snowman
91.3%
43The Beast from the East
91.2%
55The Blob That Ate Everyone
91.1%
35A Shocker on Shock Street
90.7%
# Title % Correct
52How I Learned to Fly
88.7%
39How I Got My Shrunken Head
87.5%
61I Live in Your Basement!
87.2%
1Welcome to Dead House
80.6%
12Be Careful What You Wish For...
80%
17Why I'm Afraid of Bees
79.5%
9Welcome to Camp Nightmare
77.7%
54Don't Go to Sleep!
75.6%
44Say Cheese and Die - Again!
72.4%
4Say Cheese and Die!
72.3%
18Monster Blood II
69.8%
15You Can't Scare Me!
69.3%
29Monster Blood III
68.9%
62Monster Blood IV
68.5%
13Piano Lessons Can Be Murder
67.5%
16One Day at HorrorLand
66%
3Monster Blood
65.7%
45Ghost Camp
64.3%
57My Best Friend Is Invisible
63%
22Ghost Beach
59.2%
21Go Eat Worms!
53.3%
26My Hairiest Adventure
48.2%
42Egg Monsters from Mars
47.7%
58Deep Trouble II
43.5%
41Bad Hare Day
40.7%
49Vampire Breath
35.4%
60Werewolf Skin
35%
19Deep Trouble
28.2%
6Let's Get Invisible!
26.5%
50Calling All Creeps!
24.2%
53Chicken Chicken
15.6%

You're not logged in!

Compare scores with friends on all Sporcle quizzes.
Join for Free
OR
Log In

You Might Also Like...

Show Comments

Extras

Top Quizzes Today


Score Distribution

Your Account Isn't Verified!

In order to create a playlist on Sporcle, you need to verify the email address you used during registration. Go to your Sporcle Settings to finish the process.

Report this User

Report this user for behavior that violates our Community Guidelines.

Details: